| 000 | 00699cab a2200229 4500 | ||
|---|---|---|---|
| 001 | WB3033-13 | ||
| 008 | 090401t1994 xxu||||| |||| 00| 0 eng d | ||
| 035 | _a(Sirsi) u41602 | ||
| 041 | _aeng | ||
| 245 | _aLasers can clean dirty buildings | ||
| 260 | _c1994 | ||
| 350 | _a0 | ||
| 490 |
_aFinancial Times _v9 September 1994, 10(1) |
||
| 520 | _aNational Museums and Galleries on Merseyside is involved in the first UK development of a laser to clean stone buildings without damage. | ||
| 650 | _aCLEANING | ||
| 650 | _aLASERS | ||
| 650 | _aSTONE BUILDINGS | ||
| 690 | _aBUILDING AND CONSTRUCTION-REPAIRS AND MAINTENANCE | ||
| 690 | _aCONSERVATION | ||
| 942 | _n0 | ||
| 948 | _c04/03/1997 | ||
| 999 |
_c26706 _d26706 |
||